000 00576nam a2200205Ia 4500
005 20221202105608.0
008 131103s9999 xx 000 0 und d
040 _aLoreto College
041 _aEnglish
082 _a811
_bGUS
245 _aAnthology of Candian poetry
_b (English)
_cCompiled by Ralph Gustafson
260 _aNew York
_bPenguin Books
_c1942
300 _axvi,123 p.
440 _aPelican Books
504 _aIncludes index
650 _aCanadian (English) Poetry - Collections
700 _aGustafson, Ralph,comp.
850 _aLCLIB
942 _cBK
999 _c12140
_d62619